|
|
|
|
| LEADER |
00000cam a2200000 7i4500 |
| 001 |
0000013207 |
| 005 |
20080108.0 |
| 008 |
080108 |
| 020 |
|
|
|a 9830995844
|
| 090 |
0 |
0 |
|a 297.22
|b BAS
|
| 100 |
0 |
|
|a Basri bin Ibrahim, Dr.
|
| 245 |
1 |
0 |
|a Manhaj 'aqidah ahli al-sunnah wa al-jama'ah dalam memahami qada' & qadar
|c Dr. Basri Bin Ibrahim; penyunting, Noraine Abu
|
| 260 |
|
|
|a Kuala Lumpur :
|b Al-Hidayah ,
|c 2004
|
| 650 |
|
0 |
|a Faith (Islam)
|
| 650 |
|
0 |
|a Fate and fatalism
|x Religious aspects
|x Islam
|
| 650 |
|
0 |
|a Predestination (Islam)
|
| 700 |
0 |
|
|a Naoraine Abu
|
| 999 |
|
|
|a 0001009712
|b Book
|c Adult Collection
|e Perbadanan Perpustakaan Awam Johor
|
| 999 |
|
|
|a 0001009713
|b Book
|c Adult Collection
|e Perbadanan Perpustakaan Awam Johor
|